000 00422nam a2200169 a 4500
005 20140412111432.0
008 131010s19uu xx 00 eng d
020 _a978910704650
050 _aTRE
_bWi757 20_ _?
100 _aHay , Sam
245 _aWish fish.
260 _aNew York :
_bScholastic, Inc,
_c20_ _?.
300 _ap24
440 _aI love reading phonics
650 _aFish-
_xfiction
999 _c106391
_d106391